All Romanian Premier League Players Ever - Statistics

General Stats
  • This quiz has been taken 36 times
  • The average score is 8 of 16
Answer Stats
Position Clubs Years Player % Correct
DEF Spurs 2023-present Radu Dragusin
94%
ATT Chelsea 2003-05 Adrian Mutu
75%
DEF Sheff Wed, Chelsea, Bradford, Southampton 1994-2002 Dan Petrescu
69%
GK Bournemouth 2023-24 Ionut Radu
69%
DEF Spurs 2013-15 Vlad Chiriches
66%
GK Man City, Sunderland, Watford 2013-17 Costel Pantilimon
63%
ATT Brighton 2018-20 Florin Andone
50%
MID/ATT Spurs, West Ham 1994-97 Ilie Dumitrescu
50%
DEF West Ham 2013-14 Razvan Rat
47%
DEF Spurs 1994-95 Gheorghe Popescu
44%
DEF West Brom 2010-13 Gabriel Tamas
41%
DEF Southampton 2013-14 Florin Gardos
38%
ATT West Ham 1996-97 Florin Raducioiu
28%
ATT Coventry 1997-98 Viorel Moldovan
25%
ATT Wolves 2003-04 Ionel Ganea
22%
DEF/MID West Brom 2004-05 Cosmin Contra
19%
No matching quizzes found
Score Distribution
Percent of People with Each Score
Percentile by Number Answered
Your Score History
You have not taken this quiz